Sports Quiz

Random Sports or NBA Quiz

Cities that have lost an NBA team Quiz Stats

 Plays Quiz not verified by Sporcle

Support Sporcle.
Go Orange.
Score 0/19 Timer 08:00
0 Plays Today
% Correct
Seattle
94.2%
St. Louis
93.6%
Vancouver
93%
Buffalo
91.8%
Syracuse
91.2%
Baltimore
90.6%
San Diego
90.6%
Kansas City
90.1%
Fort Wayne
87.7%
Minneapolis
87.1%
% Correct
Rochester
87.1%
Cincinnati
86%
Charlotte
84.2%
New Orleans
78.9%
Philadelphia
74.9%
Chicago
48%
Milwaukee
43.3%
Moline
28.1%
Dallas
27.5%

You're not logged in!

Compare scores with friends on all Sporcle quizzes.
OR
Log In
Forgot?

From the Vault

First Letter Europe Blitz

by Flick

Luckily, you wont have to travel Europe this quickly.
Remove Ads.
Support Sporcle.
Get the best of Sporcle when you Go Orange. This ad-free experience offers more features, more stats, and more fun while also helping to support Sporcle. Thank you for becoming a member.

Show Comments

Extras

Created Jan 23, 2016ReportNominate
Tags:City Quiz, NBA Quiz

Top Quizzes Today


Score Distribution

Your Account Isn't Verified!

In order to create a playlist on Sporcle, you need to verify the email address you used during registration. Go to your Sporcle Settings to finish the process.

Report this User

Report this user for behavior that violates our Community Guidelines.

Details: